[Event "DVM U16 2010"]
[Site "Naumburg (Saale) GER"]
[Date "2010.12.27"]
[Round "2"]
[White "Valledor Pereira, Dominik Damian"]
[Black "Reichardt, Albert"]
[Result "0-1"]
[Termination "normal"]
[Board "9.3"]
[WhiteElo "1531"]
[BlackElo "1470"]
[WhiteTeam "LSV Turm Lippstadt"]
[BlackTeam "Erfurter Schachklub"]
[PlyCount "82"]
[WhiteFideId "1271860"]
[BlackFideId "12927821"]
[EventCountry "GER"]
[EventRounds "7"]
[EventType "team-swiss"]
[EventDate "2010.12.26"]

1. e4 e5 2. Nf3 Nc6 3. d4 exd4 4. Bc4 Nf6 5. O-O Be7 6. Re1 d6 7. Nxd4 O-O 8.
Nxc6 bxc6 9. Nc3 Bb7 10. Bf4 d5 11. Bb3 Re8 12. exd5 cxd5 13. Qf3 Rb8 14. Rad1
d4 15. Qg3 Bd6 16. Rxe8+ Qxe8 17. Bxd6 cxd6 18. Nb1 Rd8 19. Nd2 Qe2 20. c3 dxc3
21. Qxc3 Qg4 22. f3 Qd7 23. Nc4 d5 24. Ne5 Qd6 25. Rc1 Re8 26. Nc6 Nd7 27. Nd4
Qf4 28. Ba4 Rc8 29. Nc6 Bxc6 30. Bxc6 Nb8 31. Re1 Nxc6 32. Qxc6 Qd4+ 33. Kh1
Rf8 34. h3 h6 35. Re7 Kh7 36. Rd7 Re8 37. Qxd5 Re1+ 38. Kh2 Qf4+ 39. g3 Re2+
40. Kg1 Qxg3+ 41. Kf1 Qf2# 0-1

[Event "DVM U16 2010"]
[Site "Naumburg (Saale) GER"]
[Date "2010.12.27"]
[Round "2"]
[White "Scheitz, Sebastian"]
[Black "Lutter, Maximilian"]
[Result "1-0"]
[Termination "normal"]
[Board "9.4"]
[WhiteElo "1406"]
[BlackElo "1171"]
[WhiteTeam "Erfurter Schachklub"]
[BlackTeam "LSV Turm Lippstadt"]
[PlyCount "71"]
[BlackFideId "12927759"]
[EventCountry "GER"]
[EventRounds "7"]
[EventType "team-swiss"]
[EventDate "2010.12.26"]

1. d4 d5 2. c4 c6 3. Nc3 Nf6 4. cxd5 Nxd5 5. e4 Nb6 6. Be3 Be6 7. Be2 N8d7 8.
Nf3 g6 9. O-O Bg7 10. Rc1 Bc4 11. a3 e5 12. b4 O-O 13. Qc2 Re8 14. Rfd1 Qc7 15.
d5 Bxe2 16. Nxe2 Rac8 17. Rd3 Qb8 18. d6 Re6 19. Rcd1 f5 20. Qb3 Nf8 21. exf5
e4 22. fxe6 exd3 23. e7+ Nd5 24. exf8=Q+ Rxf8 25. Rxd3 Qxd6 26. Bc5 Qe6 27. Re3
Rxf3 28. gxf3 Qf6 29. Re8+ Kf7 30. Re7+ Kg8 31. Rxb7 Qg5+ 32. Kf1 Qe5 33. Bd4
Qe6 34. Rxg7+ Kf8 35. Rxh7 Ne3+ 36. Qxe3 1-0